000 00821nam0a2200241 4500
001 RU\NLR\BIBL_A\011862441
005 20250626141623.0
035 _a(NLR Aleph) 011862441
090 _a13419229
_c13419229
100 _a20181114d1988 |||y0rusy50 ca
101 0 _aaze
102 _aAZ
105 _ay z 000 y
200 1 _aДаш Һеjкәл
_e(повест вә һекаjәләр)
_fА. Рәһимли
210 _aБакы
_cJазычы
_d1988
215 _a99,[2] c.
_d16
541 1 _6z01790
_aКаменный памятник
_eповесть и рассказы
_zrus
700 1 _aРәһимли
_bА. Һ.
_gАриф Һаҹы оғлу
_4070
790 1 _6z01541
_aРагимли
_bА. Г.
_gАриф Гаджи оглы
_4070
852 _aNLR
_bОНЛ
_jАзерб./2-22431
942 _cBOOK
980 _aNB